Culture Générale - Série 1471 - Statistiques

Statistiques générales
  • Ce quiz a été pris 165 fois
  • Le résultat moyen est 6 sur 10
Statistiques - réponses
Question Réponse % Correct
Quel rapace charognard, au cou généralement dénudé, tire son nom du latin "vultur" ? vautour
93%
Dans quel pays la ville de Cuzco, capitale de l'Empire inca, se trouve-t-elle ? Pérou
91%
En cosmétique, quel mot anglais rimant avec flush désigne un fard à joues ? blush
84%
De quel écrivain, auteur de "L'Écume des jours", a-t-on commémoré en 2009 les cinquante ans de la disparition ? Boris Vian
82%
Quelle est l'unité monétaire principale, du pays d'Afrique dont la capitale est Rabat ? dirham
58%
Quel Grand Lac américain est relié au lac Huron par le détroit de Mackinac ? lac Michigan
57%
Quel nom a-t-on donné aux accords signés en février 1945 par Churchill, Roosevelt et Staline, sur les bords de la mer Noire ? Les accords de Yalta
51%
Dans la saga cinématographique "L'Age de glace", quel animal est Sid ? paresseux
36%
Dans la version standard du Cluedo, sur les 6 suspects, on compte 3 femmes : Madame Leblanc, Mademoiselle Rose, et Madame... Pervenche
29%
De 1974 à 1977, quel homme politique français est ministre de l'Intérieur ? Michel Poniatowski
7%
Aucun quiz correspondant
Distribution des résultats
% des personnes avec chaque résultat
Percentile par nombre de réponses
Votre historique - résultats
Vous n’avez pas pris ce quiz